Mélanges

Saved in:
书目详细资料
主要作者: Maréchal, Joseph (autor)
格式: 图书
语言:法语
出版: París Desclée de Brouwer 1950
丛编:Museum lessianum. Section philosophique, 31-32
主题:
标签: 添加标签
没有标签, 成为第一个标记此记录!

MARC

LEADER 00000nam a2200000 a 4500
001 UCY7003
003 CL-VaPUC
008 950602e19500000FR |||||||||||||||||fre|d
082 0 4 |a 189  |b MAR  |2 21 
100 |a Maréchal, Joseph  |e autor  |9 344618 
245 1 0 |a Mélanges 
300 |a v 
942 |c BK 
945 |d 19950602 00:00:00  |a oaravena 
260 |a París  |b Desclée de Brouwer  |c 1950 
650 0 |a Filosofía   |9 223554 
650 0 |a Edad media  |9 258041 
650 0 |a Metafísica  |9 265649 
650 0 |a Ontología   |9 256850 
650 0 |a Filosofía del espíritu  |9 320175 
650 7 |a HOMBRE  |2 CL-VaPUC  |9 262149 
650 0 |a Amor  |9 257817 
650 0 |a Psicología   |9 257863 
650 0 |a Historia  |9 255047 
583 |a last modification  |c 19950602 00:00:00  |k Rodrigo Vera 
490 0 |a Museum lessianum. Section philosophique, 31-32 
999 |c 234478  |d 234476 
952 |0 0  |1 0  |4 0  |6 189_000000000000000_MAR_1950  |7 0  |8 P  |9 240880  |a BIBEDU  |b BIBEDU  |c BIBEDU_PB  |d 2019-11-18  |h v.1  |i 1514059  |o 189 MAR 1950  |p 1514059  |r 2024-01-25  |w 2019-11-18  |y BK  |k FIL 
952 |0 0  |1 0  |4 0  |6 189_000000000000000_MAR_1950  |7 0  |8 P  |9 240881  |a BIBEDU  |b BIBEDU  |c BIBEDU_PB  |d 2019-11-18  |h v.2  |i 1514067  |o 189 MAR 1950  |p 1514067  |r 2024-01-25  |w 2019-11-18  |y BK  |k FIL